000 01007nam a2200289 i 4500
001 bg
003 BPK
005 20190808123145.0
008 080808s2007 pl f f 000 0 pol
020 _a9788372518873
040 _cBPK
041 0 _apol
080 _a336
080 _a(075.8)
245 0 0 _aFinanse :
_bpraca zbiorowa /
_cpod red. nauk. Janusza Ostaszewskiego ; [aut. Zdzisław Fedorowicz et al.].
250 _aWyd. 4.
260 _aWarszawa :
_bCentrum Doradztwa i Informacji Difin,
_c2008.
300 _a485 s. :
_bil. ;
_c23 cm.
504 _aBibliogr. s. 473-485.
650 4 _aFinanse
655 4 _aPodręczniki akademickie
700 1 _aOstaszewski, Janusz
_d(1956- ).
_eRedakcja
700 1 _aFedorowicz, Zdzisław
_d(1922-2007)
_eAutor
942 _cKS
_2UKD
856 _uhttp://koha.tu.koszalin.pl/cgi-bin/koha/opac-detail.pl?biblionumber=55240
_yKatalog online BPK
999 _c55240
_d55240